LIBRARY & INFORMATION CENTRE, KCAET, TAVANUR

ONLINE PUBLIC ACCESS CATALOGUE (OPAC)

Krishna Menon / (Record no. 516)

MARC details
000 -LEADER
fixed length control field 00368cam a2200157ua 4500
041 ## - LANGUAGE CODE
Language code of text/sound track or separate title eng
082 ## - DEWEY DECIMAL CLASSIFICATION NUMBER
Classification number 928.21
Item number GEO/KR
100 ## - MAIN ENTRY--AUTHOR NAME
Personal name George, T J S .
245 ## - TITLE STATEMENT
Title Krishna Menon /
260 ## - PUBLICATION, DISTRIBUTION, ETC. (IMPRINT)
Place of publication London :
Name of publisher Jonathan Cape ,
Year of publication 1964.
300 ## - PHYSICAL DESCRIPTION
Number of Pages 272 ; .
650 ## - SUBJECT ADDED ENTRY--TOPICAL TERM
Topical Term Biography
942 ## - ADDED ENTRY ELEMENTS (KOHA)
Koha item type Books
Holdings
Withdrawn status Lost status Damaged status Home library Current library Date acquired Full call number Accession Number Koha item type
      KAUAET KAUAET 07/04/2012 928.21 10444 Books
free website counter